Central Library OPAC University of Rajshahi

Queues / (Record no. 51513)

MARC details
000 -LEADER
fixed length control field 00665nam a2200229 a 4500
001 - CONTROL NUMBER
control field 51513
003 - CONTROL NUMBER IDENTIFIER
rucl marc code BD-RjUL
005 - DATE AND TIME OF LATEST TRANSACTION
control field 20211209075654.0
008 - FIXED-LENGTH DATA ELEMENTS--GENERAL INFORMATION
fixed length control field 160831r19651961nyu||||| |||| 001 0 eng d
035 ## - SYSTEM CONTROL NUMBER
System control number (BD-RjUL)51633
040 ## - CATALOGING SOURCE
Original cataloging agency BD-RjUL
Language of cataloging eng
Transcribing agency BD-RjUL
041 ## - LANGUAGE CODE
Language code of text/sound track or separate title eng
082 ## - DEWEY DECIMAL CLASSIFICATION NUMBER
Edition number 23
Classification number 519.82
Author mark and year COQ 1965
100 1# - MAIN ENTRY--PERSONAL NAME
Personal name D R Cox; Walter L Smith
9 (RLIN) 154006
245 10 - TITLE STATEMENT
Title Queues /
Statement of responsibility, etc. D R Cox ; Walter L Smith
260 ## - PUBLICATION, DISTRIBUTION, ETC. (IMPRINT)
Place of publication, distribution, etc. London :
Name of publisher, distributor, etc. Methuen,
Place of publication, distribution, etc. New York :
Name of publisher, distributor, etc. Wiley,
Date of publication, distribution, etc. c1961, [Reprinted 1963, 1965]
300 ## - PHYSICAL DESCRIPTION
Pagination 180 p. :
Illustrations ill. ;
Size 19 cm.
500 ## - GENERAL NOTE
General note Includes index
650 ## - SUBJECT ADDED ENTRY--TOPICAL TERM
Topical term or geographic name as entry element Queuing theory.
9 (RLIN) 154007
700 ## - ADDED ENTRY--PERSONAL NAME
Personal name Smith, Walter L
942 ## - ADDED ENTRY ELEMENTS (KOHA)
Source of classification or shelving scheme Dewey Decimal Classification
Koha item type Books
Holdings
Lost status Source of classification or shelving scheme Damaged status Not for loan Collection code Permanent Location Current Location Shelving location Date acquired Source of acquisition Cost, normal purchase price Total Checkouts Full call number Date last seen Copy number Koha item type
  Dewey Decimal Classification     Non-fiction Central Library, University of Rajshahi Central Library, University of Rajshahi   09/05/2007 Zeitlinger 21.00   519.82 COQ 1965 31/08/2016 C-2 Books
  Dewey Decimal Classification     Non-fiction Central Library, University of Rajshahi Central Library, University of Rajshahi   19/03/1969 Euro pak. New Agency, Dacca 18.84   519.82 COQ 1963 31/08/2016 C-3 Books
  Dewey Decimal Classification     Non-fiction Central Library, University of Rajshahi Central Library, University of Rajshahi   19/03/1969 Euro pak. New Agency, Dacca 18.84   519.82 COQ 1963 31/08/2016 C-4 Books
  Dewey Decimal Classification     Non-fiction Central Library, University of Rajshahi Central Library, University of Rajshahi   17/10/1968 Netherland book agency 21.00   519.82 COQ 1965 31/08/2016 C-5 Books
  Dewey Decimal Classification     Non-fiction Central Library, University of Rajshahi Central Library, University of Rajshahi   17/10/1968 Netherland book agency 21.00   519.82 COQ 1965 31/08/2016 C-6 Books
  Dewey Decimal Classification     Non-fiction Central Library, University of Rajshahi Central Library, University of Rajshahi   11/03/1965 Zeitlinger 21.00   519.82 COQ 1963 31/08/2016 C-7 Books
  Dewey Decimal Classification     Non-fiction Central Library, University of Rajshahi Central Library, University of Rajshahi   24/09/1984 Toppan Tulip 10.20   519.82 COQ 1979 31/08/2016 C-8 Books
  Dewey Decimal Classification     Non-fiction Central Library, University of Rajshahi Central Library, University of Rajshahi   24/09/1984 Toppan Tulip 10.20   519.82 COQ 1979 31/08/2016 C-9 Books